Teaching reading in the content areas : developing content literacy for all students /

Сохранить в:
Библиографические подробности
Главный автор: Cooter, Robert B.
Формат:
Язык:English
Опубликовано: Englewood Cliffs, NJ : Prentice Hall, 1996.
Предметы:
Метки: Добавить метку
Нет меток, Требуется 1-ая метка записи!
Thư viện lưu trữ: Mạng thư viện Đại học Đà Nẵng
LEADER 01097nam a2200325 a 4500
001 000041964
003 4767
005 20190913142043.0
008 171030s1996
020 |a 0023247118 
040 |a LNN 
040 |a lnn  |c lnn  |d lnn 
041 0 |a eng 
082 1 4 |a 428.40712  |b CO-R 
100 1 |a Cooter, Robert B. 
245 0 0 |a Teaching reading in the content areas :  |b developing content literacy for all students /  |c Robert B. Cooter. 
260 |a Englewood Cliffs, NJ :  |b Prentice Hall,  |c 1996. 
300 |a xxi, 352p. :  |b ill. 
630 0 4 |a English language. 
650 0 4 |a Content area reading. 
650 0 4 |a Reading (Secondary) 
OWN |a LNN 
AVA |a UDN50  |b LNN  |c English  |d 428.41 CO-R  |e available  |t Error 5001 Not defined in file expand_doc_bib_avail.  |f 1  |g 0  |h N  |i 0  |j AN  |k 1 
999 |a From the UDN01 
AVA |a UDN50  |b LNN  |c English  |d 428.41 CO-R  |e available  |t Error 5001 Not defined in file expand_doc_bib_avail.  |f 1  |g 0  |h N  |i 0  |j AN  |k 1 
TYP |a Monograph 
TYP |a Printed language 
980 |a Mạng thư viện Đại học Đà Nẵng